00303nam a2200121Ia 4500008004100000041000800041082001400049100001400063245002800077260004000105300001900145999001700164241015s9999 xx 000 0 und d aeng a338.5 MCE aMceachern aMicro Econ With Mindtap bCengage Learning IndiaaDehlic2019 a390;. P. 27 cm c41814d41814